Responses for show #4787 - Tuesday, May 31, 2005

David Rozenson game 1.

Contestants

[<< previous game]

David Rozenson, a lawyer from Newton, Massachusetts

Neill Kovrig, a counseling support specialist from San Marcos, California

Lisa Voss, a library assistant from Lincoln, Nebraska (whose 1-day cash winnings total $14,000)

[next game >>]

Jeopardy! Round responses

LITERARY COLLABORATORS
POKER FACE
POUR ME A STIFF ONE
"COURT" BRIEFS
TALK LIKE A BRIT
'ALLO, GOVERNOR!
(Alex: We will name some governors; you have to identify the state.)
    $200 1
the Brothers Grimm

Neill
    $200 2
(David: Who is Matt Damon?)
...
(Alex: David, you misunderstood the clue.)

Harvard

David
Triple Stumper
    $200 14
orange juice

Neill
    $200 23
a court reporter

Neill
    $200 30
a line

Lisa
    $200 7
New York

Neill
    $400 19
Simone de Beauvoir

David
    $400 3
(Alex: Ed Asner, yes.)

The Mary Tyler Moore Show

Neill
    $400 15
vodka

Neill
    $400 26
a kangaroo court

Neill
    $400 25
hit someone on the head

Lisa
    $400 8
(Lisa: What is New Hampshire?)

Massachusetts

LisaNeill
    $600 20
Alex Haley

David
    $600 4
(Alex: Lou Diamond Phillips.)

Ritchie Valens

Neill
    $600 16
rum

Neill
    $600 27
probate court

David
    $600 12
"Green Onions"

Lisa
    $600 9
Texas

Neill
    $800 21
(David: Who is Dickens?)

Sinclair Lewis

LisaDavid
    $800 5
Jennifer Tilly

David
    $800 17
Bailey's (Irish Cream)

Lisa
    $800 28
a friend of the court

Lisa
    $800 13
L-I-C-E-N-C-E

Neill
    $1,000 10
(Neill: Good Lord. Uh... What is Wyoming?)
(Alex: No. Thibodaux is French, it sounds French.)
(Neill: [*].)
(Alex: [*]. Should have gone with that instead of the--your response.)
(Neill: I know.)

Louisiana

Neill
    $1000 22
Moss Hart

David
    $1000 6
Lolita Davidovich

David
    $1000 18
Benedictine

David
    $1000 29
moot court

David
    $1000 24
engaged

Neill
    $1000 11
Minnesota

Lisa

Scores at the first commercial break (after clue 13):

Lisa Neill David
$1,200 $2,200 $1,600

Scores at the end of the Jeopardy! Round:

Lisa Neill David
$4,200 $5,000 $5,400

Double Jeopardy! Round responses

THE NAACP
SCIENCE BRIEFS
SHAKESPEAREAN WORDS
THE "CAPTAIN"
TO NEIL
MUSCAT LOVE
    $400 21
blood pressure

Neill
    $400 1
Hamlet

Lisa
    $400 11
Captain Nemo

Lisa
    $400 6
Neil Armstrong

Lisa
    $400 16
Oman

Lisa
    $800 22
zinc

Lisa
    $800 2
(Neill: What is ho?)
[Originally ruled incorrect; reversed before Daily Double at clue 28]

whoa (ho also accepted)

LisaNeill
    $800 12
Captain Hook

David
    $800 7
Batman

Lisa
    $800 17
Portugal

Neill
    $2,400 28
(Alex: Lisa, before I ask you to make your wager, we have a change in scoring to announce. It affects one of your opponents--Neill. And it goes back to that response a little while ago of "ho" for how you stop a horse. Those people who have ridden horses know you can do it with "whoa" or "ho". But we were looking for the important word in Shakespeare's lines, and we checked it again, and Shakespeare said, "whoa, ho, ho." [Laughter] So we feel it's unfair to penalize you for that. So you're picking up $1,600. So you're at $11,400. And, Lisa, make your wager now, please.)
...
(Lisa: What is the Ralph Bunche Award?)

the Spingarn Medal

Lisa
    $1200 23
freezing point

Neill
    $1200 3
obscene

Lisa
    $1200 13
Captains Courageous

David
    $1200 8
(Lisa: What is Department of the Treasury?)

the Department of Transportation

LisaDavid
    $1200 18
a mosque

Neill
    $1600 27
Thurgood Marshall

Lisa
    $1600 24
megahertz

David
    $1600 4
jaded

Lisa
    $1600 14
Captain Spaulding

David
    $1600 9
President Eisenhower

Neill
    $1600 19
(David: What is emir?)
(Neill: What is shah?)

sultan

NeillDavid
Triple Stumper
    $2000 26
Myrlie Evers(-Williams)

Lisa
    $2000 25
in vitro fertilization

David
    $1,800 5
(Lisa: What is Timon of Athens?)

Troilus and Cressida

Lisa
    $2000 15
Captain Blood

Lisa
    $2000 10
(David: What is Bright and Shining Lie?)
...
(Alex: You were on the right track, David, but it is [*], not "Bright and Shining.")

A Bright Shining Lie

David
Triple Stumper
    $2000 20
(Lisa: What is the Red Sea?)

the Persian Gulf

LisaNeill

Scores at the end of the Double Jeopardy! Round:

Lisa Neill David
$9,200 $11,400 $10,200

[wagering suggestions for these scores]

Final Jeopardy! Round responses

BEATLES MUSIC
LisaWhat is Baby, you can drive my car?
$9,000
DavidWhat is Drive My Car?
$10,000
NeillWhat is Hey Jude? :(
$6,400
"Drive My Car"

Final scores:

Lisa Neill David
$18,200 $5,000 $20,200
2nd place: $2,000 3rd place: $1,000 New champion: $20,200

Game dynamics:

Coryat scores:

Lisa Neill David
$13,400 $12,400 $10,200
19 R,
5 W
(including 2 DDs)
20 R,
2 W
(including 1 DD)
14 R,
4 W

Combined Coryat: $36,000

The J! Archive is created by fans, for fans. The Jeopardy! game show and all elements thereof, including but not limited to copyright and trademark thereto, are the property of Jeopardy Productions, Inc. and are protected under law. This website is not affiliated with, sponsored by, or operated by Jeopardy Productions, Inc. Join the discussion at JBoard.tv.